000 00505nam a2200181 a 4500
001 46794
005 20180714030510.0
008 140415s1979 000 0 spa d
020 _a0256021880
041 _aspa
082 _a155.5
_bNEW
100 1 _aNewman, Barbara M.
245 1 3 _aAN INTRODUCTION TO THE PSYCHOLOGY OF ADOLESCENCE
260 _a[s.l.] :
_bTHE DORSEY PRESS,
_c1979
300 _a541
650 1 4 _aPSICOLOGIA DEL ADOLESCENTE
700 1 _aNEWMAN, PHILIP R.
_ecoaut.
999 _c46794
_d46794